Le tombeau de Nakhtamon (TT 335) à Deir al-Medina : paléographie /

محفوظ في:

المؤلف الرئيسي: Servajean, Frédéric.

مؤلفون آخرون: Gout, Jean-François.

التنسيق: كتاب

اللغة: French

منشور في: Le Caire : Institut français d'archéologie orientale, 2011.

سلاسل: Paléographie hiéroglyphique ; 5.
PaleHier ; 5.

الموضوعات:

الوسوم: إضافة وسم

لا توجد وسوم, كن أول من يضع وسما على هذه التسجيلة!

رقم الطلب: ( F )PJ1526 .I8 v.5

LEADER 01761nam a2200325Ia 4500
003 OSt
005 20241028111523.0
008 230909s2011 ua a b 000 0 fre d
952 |0 0  |1 0  |2 lcc  |3 V.5  |4 0  |7 1  |9 49818  |a ARCE  |b ARCE  |d 2023-09-09  |l 0  |o ( F )PJ1526 .I8 v.5  |p 1021036  |r 2023-09-09 00:00:00  |w 2023-09-09  |y BK 
999 |c 54441  |d 54441 
020 |a 9782724705904 
040 |c ARCE Library 
050 4 |a ( F )PJ1526 .I8 v.5 
100 1 |a Servajean, Frédéric. 
245 1 0 |a Le tombeau de Nakhtamon (TT 335) à Deir al-Medina :   |b paléographie /   |c Frédéric Servajean ; photographies Jean-François Gout. 
264 1 |a Le Caire :   |b Institut français d'archéologie orientale,   |c 2011. 
300 |a xi, 240 p. :   |b ill. ;   |c 33 cm. 
336 |2 rdacontent  |a text  |b txt 
337 |2 rdamedia  |a unmediated  |b n 
338 |2 rdacarrier  |a volume  |b n 
490 0 |a Paléographie hiéroglyphique ;   |v 5. 
490 0 |a PaleHier ;   |v 5. 
500 |a "This fifth volume of the collection 'Paléographie hiéroglyphique' is dedicated to the tomb of Nakhtamun at Deir al-Medina (19th Dynasty). it examines teh 261 hieroglyphic signs found in this monument. The palaeographical part deals with the commentary of each sign in relation with contemporary sources as well as monuments of early periods. The book is illustrated by a selection of characteristic drawings of the various identified hieroglyphs and by nineteen photographic plates of these signs" -- back cover. 
504 |a Includes bibliographical references (p. ix-xi). 
650 0 |a Excavations (Archaeology) -- Egypt -- Deir el-Medina Site. 
650 0 |a Tombs -- Egypt -- Deir el-Medina Site. 
651 0 |a Egypt -- Deir el-Medina Site. 
700 1 |a Gout, Jean-François. 
901 |a reviewed 
942 |2 lcc  |c BK